000 00729cam a2200277 i 4500
001 768714001
003 CO-MdFUSB
005 20241204164342.0
007 ta
008 241204t1969 -us||||| |||| 00| 0 eng d
040 _cCO-MdFUSB
041 0 _aeng
082 0 4 _223
_aG 236.1
_bB359v
100 1 _aBayly, Joseph
_eautor
245 1 0 _aThe view from a hearse :
_ba christian view of death
_c/ Joseph Bayly
264 1 _bDavid C Cook
_aElgin, Illi., USA :
_c[1969]
264 4 _c©1969
300 _a95 páginas
336 _atexto
_btxt
_2rdacontent
337 _2rdamedia
_asin mediación
_bn
338 _2rdacarrier
_avolumen
_bnc
563 _aRustico
653 _aEscatología
942 _cBK
945 _aMiguel
999 _c35095
_d35095